Normal view
MARC view
- Bagad, V.S
Entry Personal Name
001 - CONTROL NUMBER
- control field: 112255
003 - CONTROL NUMBER IDENTIFIER
- control field: NUST
005 - DATE AND TIME OF LATEST TRANSACTION
- control field: 20230512102407.0
008 - FIXED-LENGTH DATA ELEMENTS
- fixed length control field: 230512|| aca||aabn | a|a d
040 ## - CATALOGING SOURCE
- Original cataloging agency: NUST
- Transcribing agency: NUST
100 ## - HEADING--PERSONAL NAME
- Personal name: Bagad, V.S
670 ## - SOURCE DATA FOUND
- Source citation: Work cat.: (NUST): Bagad, V.S, Principles of Management, 2005.
